[Event "Monteolivete op 3rd"]
[Site "Alboraia"]
[Date "2023.07.18"]
[Round "2"]
[White "Kazarian, Anna Maja"]
[Black "Grose, Kameron"]
[Result "1-0"]
[WhiteElo "2187"]
[BlackElo "1836"]
[PlyCount "71"]
[EventDate "2023.07.17"]
[EventType "swiss"]
[EventRounds "9"]
[EventCountry "ESP"]
[SourceTitle "CBM 215 Extra"]
[Source "ChessBase"]
[SourceDate "2023.09.30"]
[SourceVersion "1"]
[SourceVersionDate "2023.09.30"]
[SourceQuality "1"]

1. e4 c5 2. Nf3 d6 3. d4 cxd4 4. Nxd4 Nf6 5. Nc3 a6 6. Bg5 e6 7. f4 h6 8. Bh4 Qb6 9. a3 Nbd7 10. Bf2 Qc7 11. Qf3 b5 12. g4 Be7 13. h4 Bb7 14. g5 hxg5 15. hxg5 Rxh1 16. Qxh1 Ng4 17. Nxe6 fxe6 18. Qh5+ Kd8 19. Qxg4 Nc5 20. Bg2 Qc6 21. Bd4 a5 22. Bxg7 b4 23. axb4 axb4 24. Rxa8+ Bxa8 25. Ne2 b3 26. Nd4 Qa4 27. cxb3 Qa5+ 28. Ke2 Bb7 29. Qg3 Qa1 30. Qe3 Qxb2+ 31. Kf1 Ba6+ 32. Kg1 Qb1+ 33. Kh2 Nd3 34. Nxe6+ Kd7 35. Qa7+ Kxe6 36. Bf6 1-0

[Event "London Mindsports Blitz"]
[Site "London"]
[Date "2022.09.11"]
[Round "1.8"]
[White "Grose, Kameron"]
[Black "Badacsonyi, Stanley Ethan Artie"]
[Result "0-1"]
[WhiteElo "1276"]
[BlackElo "1868"]
[PlyCount "126"]
[EventDate "2022.09.11"]
[EventType "swiss (blitz)"]
[EventRounds "9"]
[EventCountry "ENG"]
[SourceTitle "CBM 210 Extra"]
[Source "ChessBase"]
[SourceDate "2022.11.30"]
[SourceVersion "1"]
[SourceVersionDate "2022.11.30"]
[SourceQuality "1"]

1. e4 e5 2. Nf3 Nc6 3. Bc4 Nf6 4. d3 h6 5. c3 d6 6. Nbd2 g6 7. Nf1 Bg7 8. Ng3 0-0 9. 0-0 Be6 10. Bb3 Qd7 11. Re1 Rae8 12. d4 Bg4 13. d5 Ne7 14. h3 Bxf3 15. Qxf3 c6 16. dxc6 bxc6 17. Bxh6 Bxh6 18. Qxf6 Bg7 19. Qf3 Nc8 20. Rad1 a5 21. Qg4 Qb7 22. f4 a4 23. Bxa4 Qxb2 24. Bxc6 Qb6+ 25. Kh2 Qxc6 26. f5 Ne7 27. h4 Qc4 28. h5 gxf5 29. Nxf5 Nxf5 30. Qxf5 Qe6 31. Qg5 Rd8 32. Rd5 Qh6 33. Qg4 Qf4+ 34. Qxf4 exf4 35. Rf5 Bxc3 36. Rc1 Be5 37. Rc7 f3+ 38. Kg1 fxg2 39. Kxg2 Ra8 40. Kf3 Ra3+ 41. Kg4 Rxa2 42. h6 Rh2 43. Rh5 Rxh5 44. Kxh5 Rb8 45. h7+ Kg7 46. Kg5 Rh8 47. Kf5 Rxh7 48. Re7 Rh4 49. Ra7 Rf4+ 50. Kg5 Rxe4 51. Ra5 Rd4 52. Kf5 Bf6 53. Ra6 d5 54. Rxf6 Rf4+ 55. Kxf4 Kxf6 56. Ke3 Ke5 57. Kd3 d4 58. Ke2 Ke4 59. Kd2 d3 60. Kd1 Ke3 61. Ke1 d2+ 62. Kd1 f5 63. Kc2 Ke2 0-1

[Event "EU-ch Schools U11"]
[Site "Rhodes"]
[Date "2022.04.23"]
[Round "3"]
[White "Grose, Kameron"]
[Black "Rutkowski, Feliks"]
[Result "0-1"]
[WhiteElo "1681"]
[BlackElo "1300"]
[PlyCount "106"]
[EventDate "2022.04.21"]
[EventType "swiss"]
[EventRounds "9"]
[EventCountry "GRE"]
[SourceTitle "CBM 208 Extra"]
[Source "ChessBase"]
[SourceDate "2022.07.31"]
[SourceVersion "1"]
[SourceVersionDate "2022.07.31"]
[SourceQuality "1"]

1. e4 c5 2. Nf3 e6 3. d4 cxd4 4. Nxd4 Nc6 5. Nc3 Qc7 6. Be3 a6 7. Qf3 b5 8. 0-0-0 Bb7 9. Nxc6 Bxc6 10. Bd3 Nf6 11. Bf4 d6 12. Rhe1 b4 13. Nd5 Nxd5 14. exd5 Bb7 15. Be4 e5 16. Bd2 a5 17. Bd3 Ba6 18. Bxa6 Rxa6 19. Qd3 Qb7 20. f4 f6 21. fxe5 dxe5 22. Be3 Bd6 23. g4 0-0 24. Rf1 a4 25. g5 b3 26. cxb3 axb3 27. Qxb3 Qc7+ 28. Qc2 Qd7 29. Kb1 Rfa8 30. b3 Rxa2 31. Qxa2 Rxa2 32. Kxa2 fxg5 33. Bxg5 Qg4 34. Bc1 Qe2+ 35. Bb2 e4 36. Rc1 h6 37. Rfe1 Qa6+ 38. Kb1 Qd3+ 39. Ka1 Qxb3 40. Rxe4 Qxd5 41. Re2 Qb7 42. Rcc2 Kh7 43. Rg2 g6 44. Rce2 g5 45. Rgf2 Bf4 46. Kb1 Qd7 47. Kc2 Kg6 48. Bc3 h5 49. Bd2 Qf5+ 50. Kc3 Be5+ 51. Kc4 Qe6+ 52. Kd3 Qd5+ 53. Kc2 Qc4+ 0-1

[Event "EU-ch Schools U11"]
[Site "Rhodes"]
[Date "2022.04.22"]
[Round "2"]
[White "Bryant, Harry"]
[Black "Grose, Kameron"]
[Result "1/2-1/2"]
[WhiteElo "1425"]
[BlackElo "1681"]
[PlyCount "72"]
[EventDate "2022.04.21"]
[EventType "swiss"]
[EventRounds "9"]
[EventCountry "GRE"]
[SourceTitle "CBM 208 Extra"]
[Source "ChessBase"]
[SourceDate "2022.07.31"]
[SourceVersion "1"]
[SourceVersionDate "2022.07.31"]
[SourceQuality "1"]

1. e4 c5 2. Nf3 d6 3. d4 cxd4 4. Nxd4 Nf6 5. Nc3 a6 6. Be2 e6 7. Be3 Be7 8. 0-0 Bd7 9. Bf3 Nc6 10. Nxc6 Bxc6 11. e5 dxe5 12. Bxc6+ bxc6 13. Qxd8+ Rxd8 14. Rad1 Rxd1 15. Rxd1 Nd5 16. Ne4 Nxe3 17. fxe3 c5 18. c4 f5 19. Nc3 Kf7 20. Rd7 Rd8 21. Rxd8 Bxd8 22. Na4 Be7 23. Kf2 f4 24. Kf3 fxe3 25. Kxe3 Ke8 26. Ke4 Bd6 27. b3 Kd7 28. Nb6+ Kc6 29. Na4 a5 30. Nc3 g5 31. Nb5 g4 32. Nxd6 Kxd6 33. g3 h6 34. a4 h5 35. Ke3 Ke7 36. Ke4 Kd6 1/2-1/2